000 00391nam a22001577a 4500
005 20251121150335.0
082 _a510 TON
100 _aTonny K B
_9942
100 _aShikhi M
_9941
245 _aEngineering Mathematics II : Mathematics for Computer and Information Science
250 _a1
260 _aOwl Books
_bTrivandrum
_c2024
546 _aEnglish
650 _aAPS
_95
942 _cBK
999 _c38032
_d38032